Central Library OPAC University of Rajshahi

India's foreign policy : (Record no. 44360)

MARC details
000 -LEADER
fixed length control field 01552cam a2200361 i 4500
001 - CONTROL NUMBER
control field 44360
003 - CONTROL NUMBER IDENTIFIER
rucl marc code BD-RjUL
005 - DATE AND TIME OF LATEST TRANSACTION
control field 20211209053837.0
008 - FIXED-LENGTH DATA ELEMENTS--GENERAL INFORMATION
fixed length control field 130507r20142013ii ab g b 001 0 eng d
020 ## - INTERNATIONAL STANDARD BOOK NUMBER
International Standard Book Number 9780198081746
Terms of availability : IRs. 1095.00
International Standard Book Number 019808174X
Terms of availability : IRs. 1095.00
035 ## - SYSTEM CONTROL NUMBER
System control number (BD-RjUL)44478
040 ## - CATALOGING SOURCE
Original cataloging agency DKAGE
Language of cataloging eng
Transcribing agency DKAGE
Modifying agency BTCTA
-- YDXCP
-- HEBIS
-- DLC
Description conventions rda
Modifying agency DLC
041 ## - LANGUAGE CODE
Language code of text/sound track or separate title eng
082 04 - DEWEY DECIMAL CLASSIFICATION NUMBER
Classification number 327.54
Edition number 23
Author mark and year IND 2014
245 00 - TITLE STATEMENT
Title India's foreign policy :
Remainder of title a reader /
Statement of responsibility, etc. edited by Kanti P. Bajpai and Harsh V. Pant
250 ## - EDITION STATEMENT
Edition statement 1st ed.
260 ## - PUBLICATION, DISTRIBUTION, ETC. (IMPRINT)
Place of publication, distribution, etc. New Delhi :
Name of publisher, distributor, etc. Oxford University Press,
Date of publication, distribution, etc. 2013 [Impression 2014]
300 ## - PHYSICAL DESCRIPTION
Pagination x, 452 p. :
Illustrations ill. ;
Size 23 cm.
490 1# - SERIES STATEMENT
Series statement Critical issues in Indian politics
500 ## - GENERAL NOTE
General note Contributed articles; most previously published.
504 ## - BIBLIOGRAPHY, ETC. NOTE
Bibliography, etc Includes bibliographical references and index.
505 0# - FORMATTED CONTENTS NOTE
Formatted contents note Ideas -- Power and capacity -- Bilateral and regional relations -- Global diplomacy.
651 #0 - SUBJECT ADDED ENTRY--GEOGRAPHIC NAME
Geographic name India
General subdivision Foreign relations
Chronological subdivision 1984-
9 (RLIN) 136148
700 1# - ADDED ENTRY--PERSONAL NAME
Personal name Bajpai, Kanti P., ed.
Dates associated with a name 1955-
Personal name Pant, Harsh V. , jt. ed.
830 #0 - SERIES ADDED ENTRY--UNIFORM TITLE
Uniform title Critical issues in Indian politics.
856 42 - ELECTRONIC LOCATION AND ACCESS
Materials specified Publisher description
Uniform Resource Identifier <a href="http://www.loc.gov/catdir/enhancements/fy1410/2013332787-d.html">http://www.loc.gov/catdir/enhancements/fy1410/2013332787-d.html</a>
Materials specified Contributor biographical information
Uniform Resource Identifier <a href="http://www.loc.gov/catdir/enhancements/fy1410/2013332787-b.html">http://www.loc.gov/catdir/enhancements/fy1410/2013332787-b.html</a>
Materials specified Table of contents only
Uniform Resource Identifier <a href="http://www.loc.gov/catdir/enhancements/fy1410/2013332787-t.html">http://www.loc.gov/catdir/enhancements/fy1410/2013332787-t.html</a>
942 ## - ADDED ENTRY ELEMENTS (KOHA)
Source of classification or shelving scheme Dewey Decimal Classification
Koha item type Books
Holdings
Lost status Source of classification or shelving scheme Damaged status Not for loan Collection code Permanent Location Current Location Shelving location Date acquired Source of acquisition Cost, normal purchase price Total Checkouts Full call number Date last seen Copy number Koha item type
  Dewey Decimal Classification   Not For Loan Non-fiction Central Library, University of Rajshahi Central Library, University of Rajshahi Reading Room 08/06/2016 V.C. Office, R.U. 1095.00   327.54 IND 2014 17/07/2016 C-1 Books